From COBOL to OOP (Record no. 2434)

MARC details
000 -LEADER
fixed length control field 00497nam a2200193Ia 4500
003 - CONTROL NUMBER IDENTIFIER
control field OSt
005 - DATE AND TIME OF LATEST TRANSACTION
control field 20220107122658.0
008 - FIXED-LENGTH DATA ELEMENTS--GENERAL INFORMATION
fixed length control field 130318s9999 xx 000 0 und d
020 ## - INTERNATIONAL STANDARD BOOK NUMBER
International Standard Book Number 9781558608221
040 ## - CATALOGING SOURCE
Transcribing agency IIITMK
082 ## - DEWEY DECIMAL CLASSIFICATION NUMBER
Classification number 005.133 KNA/C
100 ## - MAIN ENTRY--PERSONAL NAME
Personal name Knasmuller, Markus
9 (RLIN) 16935
245 ## - TITLE STATEMENT
Title From COBOL to OOP
260 ## - PUBLICATION, DISTRIBUTION, ETC.
Name of publisher, distributor, etc. Elsevier
Place of publication, distribution, etc. U.S.A
Date of publication, distribution, etc. 2004
300 ## - PHYSICAL DESCRIPTION
Extent 342
Accompanying material CD ROM
650 ## - SUBJECT ADDED ENTRY--TOPICAL TERM
Topical term or geographic name entry element OBJECT ORIENTED PROGRAMMING
9 (RLIN) 16936
650 ## - SUBJECT ADDED ENTRY--TOPICAL TERM
Topical term or geographic name entry element STRUCTURED PROGRAMMING
9 (RLIN) 16937
942 ## - ADDED ENTRY ELEMENTS (KOHA)
Source of classification or shelving scheme Dewey Decimal Classification
Koha item type Books
Holdings
Withdrawn status Lost status Damaged status Not for loan Home library Current library Shelving location Date acquired Cost, normal purchase price Total Checkouts Full call number Barcode Date last seen Price effective from Koha item type
        Kerala University of Digital Sciences, Innovation and Technology Knowledge Centre Kerala University of Digital Sciences, Innovation and Technology Knowledge Centre Computer Science 18/03/2013 2858.00   005.133 KNA/C 2454 03/12/2020 18/03/2013 Books